Koromaki o Tahoga

Salvato in:
Dettagli Bibliografici
Autore principale: Hey Icka, Alicia (Autore)
Natura: Libro
Lingua:rapanui
spagnolo
Pubblicazione: Valparaíso Taller de Escritores Rapa Nui 1985
Edizione:1a. ed
Soggetti:
Tags: Aggiungi Tag
Nessun Tag, puoi essere il primo ad aggiungerne!!

MARC

LEADER 00000nam a2200000 a 4500
001 UCG3761
003 CL-VaPUC
008 100916e19850000cl |||||||||||||||||rap|d
041 0 7 |a rap  |2 CL-VaPUC 
041 0 7 |a spa  |2 CL-VaPUC 
082 0 4 |a 918.3  |b HEY  |2 21 
100 0 |a Hey Icka, Alicia  |e author  |9 553042 
245 1 0 |a Koromaki o Tahoga 
246 1 0 |a Tristeza de Tahoga 
250 |a 1a. ed 
300 |a 52 p 
942 |c BK 
945 |d 20100916 00:00:00  |a dcastane 
260 |a Valparaíso  |b Taller de Escritores Rapa Nui  |c 1985 
650 7 |a LITERATURA RAPA NUI  |2 CL-VaPUC  |9 505266 
650 7 |a CUENTO RAPA NUI  |2 CL-VaPUC  |9 505267 
650 7 |a MITOLOGIA RAPA NUI  |2 CL-VaPUC  |9 505268 
651 0 |a Rapa Nui (Isla de Pascua)  |9 496097 
651 7 |a CHILE  |2 CL-VaPUC  |9 553043 
583 |a last modification  |c 20171214 01:10:45  |k Rodrigo Vera 
999 |c 342763  |d 342761 
952 |0 0  |1 0  |4 0  |6 918_300000000000000_HEY_1985  |7 0  |8 X  |9 439264  |a FDOBUD  |b FDOBUD  |d 2019-11-22  |i 4711165  |o 918.3 HEY 1985  |p 4711165  |r 2019-11-22  |w 2019-11-22  |y BK_X  |k BUD